000 00731nam a2200229Ia 4500
003 OSt
005 20220923230414.0
006 a|||||r|||| 00| 0
007 ta
008 220922b |||||||| |||| 00| 0 pan d
024 _a281,585
037 _cTextual
040 _aARTS
_cARTS
_bpan
041 _2pan
_apan
082 _aO153,3M97:g, L6
100 _aਕੋਹਲੀ, ਕੁਲਵੰਤ ਕੌਰ
245 0 _aਨਾਨਕ ਸਿੰਘ ਦੇ ਨਾਵਲਾਂ ਦਾ ਆਲੋਚਨਾਤਮਕ ਸਰਵੇਖਣ
260 _c1976
650 _aਪੰਜਾਬੀ ਸਾਹਿਤ
942 _hO153,3M97:g, L6
_cTEXL
_2CC
999 _c384641
_d384641